| 000 | 00880nam a2200265 i 4500 | ||
|---|---|---|---|
| 001 | 000046285 | ||
| 003 | DO-SdBNP | ||
| 005 | 20230517100204.0 | ||
| 007 | ta | ||
| 008 | 110303s2000 dr 000 0 spa d | ||
| 040 |
_aDO-SdBNP _bspa _cBNPHU _erda |
||
| 082 |
_bA188 _222 |
||
| 100 |
_967425 _aGarcía, Carlos _eautor |
||
| 245 | 1 | 0 |
_aActas y leyes notariales / _cCarlos García |
| 250 | _a2da. edición | ||
| 264 |
_aSanto Domingo : _bDalis,, _c2000. |
||
| 300 |
_a152 paginas. ; _c24 cm. |
||
| 336 |
_2rdacontent _atexto _btxt |
||
| 337 |
_2rdamedia _asin mediación _bn |
||
| 338 |
_2rdacarrier _avolumen _bnc |
||
| 500 | _aLeyes notariales.-- Ley no. 301-64, ley no. 2914-90, ley no. 2254-50 modificada por la 80-99, ley no. 8099, ley no. 637-41, ley no. 2334-85, ley no. 716-44, decreto 320-86 | ||
| 590 | _ainventariado, 2023 / DG | ||
| 910 | _aDG | ||
| 942 |
_2ddc _cLBS1 |
||
| 999 |
_c53547 _d53547 |
||